Responses for show #6544 - Thursday, February 14, 2013

2013 Tournament of Champions quarterfinal game 2.

Contestants

[<< previous game]

Colby Burnett, a high school world history teacher from Chicago, Illinois

David Menchaca, a law student originally from Long Beach, California

Joel Pool, a real estate developer from Oakland, California

[next game >>]

Jeopardy! Round responses

GREAT BRITON
TIE ONE
"TAS"-MANIA
AISLE OF MAN
CANARIES
SURROUNDED BY WATER
(Alex: You have to name the surrounding body of water for us.)
    $200 1
(Charlie) Chaplin

Colby
    $200 26
a lasso

Joel
    $200 6
catastrophe

Colby
    $200 12
hair

Colby
    $200 11
Stevie Nicks

Joel
    $200 21
San Francisco Bay

David
    $1,000 2
(Colby: I guess I'll have to go with $1,000.)
(Alex: You don't have to, but you are choosing to.)

Princess Diana

Colby
    $400 27
zip ties

David
    $400 7
potassium

David
    $400 17
Calvin Klein

David
    $400 13
Adele

David
    $400 22
the Seine (River)

Colby
    $600 3
Robert Peel

Colby
    $600 28
tie one's shoes

Colby
    $600 8
tassel

David
    $600 18
(Joel: What is egg?)
(Alex: No.)
(Joel: Don't know.)

shaving cream

JoelDavid
    $600 14
Beyoncé Knowles

Colby
    $600 23
the Gulf of Mexico

Joel
    $800 4
Disraeli

Colby
    $800 29
a boat

Triple Stumper
    $800 9
carnitas

Joel
    $800 19
Brut

Triple Stumper
    $800 15
Lady Gaga

David
    $800 24
the Adriatic

Joel
    $1000 5
(David: Who was Mary?)
[Applause for Colby's run of the category]

(Queen) Anne

DavidColby
    $1000 30
REI

David
    $1000 10
Itasca

Colby
    $1000 20
Axe

Triple Stumper
    $1000 16
(Gwen) Stefani

Colby
    $1000 25
the Caspian

Joel

Scores at the first commercial break (after clue 15):

Joel David Colby
$1,000 $1,200 $5,600

Scores at the end of the Jeopardy! Round:

Joel David Colby
$3,000 $3,800 $7,600

Double Jeopardy! Round responses

PIN THE TALE ON THE WRITER
LET'S ROCK
"BABY" MOVIES
THE OLD FARMER'S ALMANAC 2013
U.S. POLITICS
PUNNY & NOT-PUNNY DEFINITIONS
    $400 10
(Franz) Kafka

Joel
    $400 8
flint

Joel
    $400 2
Baby Mama

Colby
    $400 26
(Joel: What are superstorms?)

hurricanes

JoelDavid
    $400 1
the fiscal cliff

David
    $400 21
the preamble

Colby
    $800 11
(James) Joyce

Colby
    $800 17
sedimentary

David
    $800 7
Million Dollar Baby

Colby
    $800 27
garlic

Joel
    $800 3
(Joel: Who are Cuomo? Who are [*]?)

Mario & Andrew Cuomo

Joel
    $800 22
(Joel: What is going long?)

prolong

JoelColby
    $800 12
(Colby: I will not Roger Craig this. I will bet $800.)
...
(Colby: Fine, uh--who is Twain?)

Arthur Conan Doyle

Colby
    $1200 18
Plymouth Rock

David
    $1200 9
Baby Boom

Triple Stumper
    $1200 28
Hanukkah

David
    $1200 4
petition

David
    $1200 23
redress

Colby
    $1600 13
Flannery O'Connor

David
    $1600 19
the mantle

Joel
    $1600 15
Gone Baby Gone

David
    $1600 29
kissing

Triple Stumper
    $2,600 5
(David: Who is Strom Thurmond?)

George Wallace

David
    $1600 24
(Alex: What is a [*]?)
[Colby hisses and shakes his head after Alex gives the correct response.]
(Alex: Oh, come on, Colby. It was funnier than that.)
[Laughter]

a supervisor

Triple Stumper
    $2000 14
Nathaniel Hawthorne

Triple Stumper
    $2000 20
a touchstone

Colby
    $2000 16
Bringing Up Baby

Colby
    $2000 30
syzygy

Triple Stumper
    $2000 6
Republican National Committee

David
    $2000 25
(Alex: You're gonna love this one. What is a [*]? [Pauses] Or maybe you're not gonna love this one.)
[Laughter]
(Colby: Oom! Yes.)

a concourse

Triple Stumper

Scores at the end of the Double Jeopardy! Round:

Joel David Colby
$5,800 $11,600 $15,200

Final Jeopardy! Round responses

MUSEUMS
(Alex: Great place to visit, if you visit New York.)
JoelWhat is the building museum?
$5,800
DavidWhat is the Guggenhiem?
$0
ColbyWhat is MOMA?
$1,200
MoMA (the Museum of Modern Art)

Final scores:

Joel David Colby
$0 $11,600 $16,400
3rd place: $5,000 if eliminated 2nd place: $5,000 if eliminated Automatic semifinalist

Game dynamics:

Coryat scores:

Joel David Colby
$5,800 $14,200 $15,400
11 R,
3 W
18 R,
2 W
(including 1 DD)
20 R
(including 1 DD),
1 W
(including 1 DD)

Combined Coryat: $35,400

The J! Archive is created by fans, for fans. The Jeopardy! game show and all elements thereof, including but not limited to copyright and trademark thereto, are the property of Jeopardy Productions, Inc. and are protected under law. This website is not affiliated with, sponsored by, or operated by Jeopardy Productions, Inc. Join the discussion at JBoard.tv.